| 000 | 00780nam a2200217 a 4500 | ||
|---|---|---|---|
| 005 | 20140310183353.0 | ||
| 008 | 130128s19uu xx 00 eng d | ||
| 020 | _a9781412971607 | ||
| 050 |
_aLC 3731 _b.C618 2011 |
||
| 100 | _aCollier, Catherine | ||
| 245 |
_aSeven steps to separating difference from disability / _cCatherine Collier. |
||
| 260 |
_aThousand Oaks, Ca : _bCorwin / SAGE, _c2011. |
||
| 300 |
_axi, 160 p. : _bill. ; _c28 cm. |
||
| 500 | _aIncludes ibliographical references and index | ||
| 521 | _aEDU | ||
| 650 |
_aLinguistic minorities _xEducation _xUnited States |
||
| 650 |
_aLearning disabilities _xDiagnosis _xUnited States |
||
| 650 |
_aEnglish language _xStudy and teaching _xUnited States _xForeign speakers |
||
| 942 |
_cBK _2lcc _kFOR |
||
| 999 |
_c22140 _d22140 |
||